Trasa Warszawskiej linii autobusowej 520 - Statystyki

Ogólne statystyki
  • Ten quiz został rozwiązany 67 razy
    36 od ostatniego zresetowania
  • Średni wynik to 24 z 25
Statystyki odpowiedzi
Dzielnica Przystanek % Poprawnych
Śródmieście Centrum
100%
Wawer Łysakowska
100%
Śródmieście Marszałkowska
100%
Wawer Marysin
100%
Wawer Marysin
100%
Śródmieście Metro Politechnika
100%
Śródmieście Metro Świętokrzyska
100%
Praga-Południe PKP Gocławek
100%
Śródmieście Plac Konstytucji
100%
Śródmieście Plac Na Rozdrożu
100%
Praga-Południe / Wawer Płowiecka
100%
Praga-Południe Przyczółek Grochowski
100%
Śródmieście Rozbrat
100%
Praga-Południe Saska
100%
Praga-Południe Zajezdnia Ostrobramska
100%
Praga-Południe Centrum Handlowe Promenada
95%
Praga-Południe Kanał Gocławski
95%
Praga-Południe Międzynarodowa
95%
Wawer / Rembertów Okularowa
95%
Śródmieście Plac Bankowy
95%
Praga-Południe Poligonowa
95%
Wawer Potockich
95%
Wawer Sezam
95%
Praga-Południe Zamieniecka
95%
Wawer Rezedowa
90%
Nie znaleziono quizów pasujących do podanych kryteriów
Rozkład punktacji
Procent ludzi z każdym wynikiem
Percentyl według liczby udzielonych odpowiedzi
Twoja historia wyników
Nie rozwiązałeś tego quizu od ostatniego zresetowania